00963nac a22002777a 4500001001000000003000900010005001700019008003400036040005400070072000800124100001800132110008700150245009900237246009300336260003800429300001000467490005000477500003600527650002100563650001000584650001400594650002100608650001200629650002300641650002100664BR8102247BR-BrBNA20240105114949.0230509b bl.|||m| |||| 00| 0 por d aBR-BrBNAbporcBiblioteca Nacional de Agricultura aF001 aDonadio, L.C.1 aFaculdade de Ciencias Agrarias e Veterinarias "Campus" de Jaboticabal, SP (Brasil)1 aCultura da mangueira [Mangifera indica; Pratica cultural; Plantio; Reproducao vegetal; Brasil]1 a[Mango crop [Mangifera indica; Cultural practice; Planting; Plant reproduction; Brazil]]3 aPiracicaba, SP (Brasil): c1980.  a67 p. aSerie Fruticultura. Boletim (Brazil)vno. 1x aBibliography p. 60-67 (65 ref.) aProducao vegetal aManga aVariedade aPratica cultural aPlantio aReproducao vegetal aDoenca de planta